00702nam a22002057a 450000500170000001000150001702000110003203500140004303700090005708200150006610000150008124500430009625000060013926000540014527000720019930000200027194200260029199900190031795201600033620260408142432.0 aENG-148183 c250.00 aEN-131715 bDBAD a181.49921 aDas, Manoj aSri Aurobindo on Education/cManoj Das a1 aNew DelhibNational Council for Teacher Education aHans Bhawan, Wing-II, 1, Bahadur Shah Zafar MargbNew Delhie110002 a133p.c22cm(pb) 2ddccENh181.499mSRI c215826d215826 001040718NFICaDBADbDBADd2026-04-08eDelivery of Books Act Divisiong250.00l0o181.499 SRIpEN-131715r2026-04-08 14:25:41t1v250.00w2026-04-08yEN